Quizzes
Events
Quiz Creation
Community
Videos
Private Events
Remove Ads
Sign In
Join for FREE
Feedback
Dark Mode
Quiz Categories
Sports
Geography
Music
Movies
Television
Just For Fun
Miscellaneous
History
Literature
Language
Science
Gaming
Entertainment
Religion
Holiday
For Kids
Quiz Lab
Recent
Popular Today
Quiz Kudos Today
Editor Picks
Curator Picks
Quizzes by...
Day
Popularity
Type
Ratings
Length
Year
Community
Subscriptions
Recent Discussions
Orange Saloon
Badges
Playlists
Quests
Create
Leaderboards
Showdown
Live 5
Trivia Bingo
Activity
Puzzle Library
Sporcle Events
Private Events
Virtual Trivia
Globe League
Become a Host
Pub Owners
SporcleCon
Opinionation
Our Games
Videos
Blog
Mobile Apps
Partnerships
Remove Ads and Go Orange
Feedback
Sports
Athletes
MLB
NBA
NHL
NFL
Soccer
Sports Teams
WWE
NCAA
Football
Premier League
Basketball
Baseball
Hockey
Golf
Tennis
Cricket
Rugby
Auto Racing
Olympics
World Cup
Sports
Athletes
MLB
NBA
NHL
NFL
Soccer
Sports Teams
WWE
NCAA
Football
Premier League
Basketball
Baseball
Hockey
Golf
Tennis
Cricket
Rugby
Auto Racing
Olympics
World Cup
Random Quiz
Search Sporcle
×
Quiz Lab
Quiz Lab
Sports
NBA
Type in answers that appear in a list
Type in answers that appear in a list
Classic
Best Score? Go Orange.
Top 50 three pointers made NBA history Stats
Can you name the Top 50 three pointers made NBA history?
By
knicksforever
10m
50 Questions
203 Plays
203 Plays
203 Plays
Comments
Comments
Give Quiz Kudos
Give Quiz Kudos
-
- Ratings
hide this ad
Replay
Link that replays current quiz
Next Quiz
Link to next quiz in quiz playlist
You Got
0%
They Got
Avg Score
47%
Avg Friend Score
Upgrade to see
Score Distribution
Jump to the score distribution portion of the page
Score
0/50
Timer
10:00
0
Plays Today
% Correct
Ray Allen
97%
Reggie Miller
91.1%
Mike Miller
89.7%
Dell Curry
77.8%
Kobe Bryant
74.9%
Jason Kidd
73.4%
Steve Nash
71.9%
Paul Pierce
68%
Dirk Nowitzki
67.5%
Joe Johnson
66.5%
Vince Carter
63.1%
Steve Smith
59.6%
Peja Stojakovic
59.1%
Jason Williams
56.2%
Stephen Jackson
55.7%
Jason Terry
54.7%
Eddie Jones
51.2%
Tim Hardaway
51.2%
Kyle Korver
50.7%
Chauncey Billups
49.8%
Baron Davis
49.3%
Rashard Lewis
48.8%
Gary Payton
48.3%
Glen Rice
46.3%
Dale Ellis
43.8%
% Correct
Mike Bibby
43.8%
Antonie Walker
43.3%
Mitch Richmond
41.4%
Allan Houston
41.4%
John Starks
40.4%
Jason Richardson
39.9%
Quentin Richardson
39.9%
Derek Fisher
37.9%
Dennis Scott
35%
Dan Majerle
34.5%
Clifford Robinson
34.5%
Michael Finley
34%
Brent Barry
34%
Terry Porter
33%
Jamal Crawford
30%
Nick Van Exel
28.1%
Antwan Jamison
28.1%
Hedo Turkoglu
26.6%
Hersey Hawkins
22.7%
Mookie Blaylock
22.2%
Damon Stoudamire
21.2%
Shane Battier
21.2%
Chuck Person
20.2%
Wesley Person
20.2%
Vernon Maxwell
17.7%
Quiz Playlist
Details
Report
Send in Message
Add To Playlist
Classic:
Type in answers that appear in a list
Last Updated: Feb 16, 2017
Quiz Scoreboard
CHALLENGE
Sign Up to Join the Scoreboard
Show All
Scores
Hide
Comments
May contain spoilers
Recently Published
NBA Finals Game Top Scorers (2010s)
by flibbidy
Sports
5m
Guess the 'R' Things in 3 Words
by MSUKent
Miscellaneous
3m
Actor to Badly Drawn Movie III
by MoMosMoProblems
Movies
5m
More to Explore
Quiz From the Vault
Featured Blog Post
Where Does Lost Luggage Go?
hide this ad
You Might Also Like...
Tags
Basketball Quiz
NBA Quiz
Pointer
three
Top 50
Today's Top Quizzes in Sports
Browse Sports
hide this ad
Today's Top Quizzes in NBA
Browse NBA
Top Contributed Quizzes in Sports
1
Les joueurs à 100 buts en Ligue 1 Uber Eats
2
2022 World Cup Stars
3
2024 March Madness Bracket
4
Millionaire: NBA Finals Edition
5
Players with Multiple 50 Home Run Seasons
6
Nickname Match: Athletes VI
7
Criteria MLB: Left Handed Sluggers
8
Iconic Moments in Football - Multiple Choice
9
NFL MVPs ordered
10
First NBA MVP by Team
Explore More
Trending Topics
Harry Potter
Marvel
Anime
NBA
Crossword
Disney
Kpop
NFL
Pokémon
Song
The Office
WWE
Country
Puzzle
Soccer
hide this ad
More By:
knicksforever
Quiz
Plays
Rating
Category
Featured
Created
NBA Top 50 point guards
3,125
2.25
Sports
Apr 6, 2013
B/R Top Ten NBA/ABA Players Each Team All Time
708
3.00
Sports
Jul 1, 2014
Top 50 shooting guards of all time
277
3.25
Sports
Apr 8, 2013
Top 50 three pointers made NBA history
203
4.80
Sports
Apr 10, 2013
Go to Creator's Profile
Score Distribution
Quiz Creator Spotlight
knicksforever
Follow
Send a Message
Quizzes Created
-
Created Quiz Play Count
-
More By This Creator
Popular Quizzes Today
1
Find the US States - No Outlines Minefield
2
Find the US States
3
The Countries of the World
4
10 Largest US States in Order
5
Find the Countries of Europe - No Outlines Minefield
6
US States
7
Guess the 'R' Things in 3 Words
8
NBA Finals Game Top Scorers (2010s)
More Sports Quizzes
NHL : Red Wings Flying away
Curator's Pick
Trending Quizzes
First Name TV: Leading Men
Match the Book to the Film II
First Name TV: Leading Women Drama
3-Word Movies in 1 Word II
Match the Book to the Film VI
Recently Updated
Women's Final Four Teams by Year
bhenderson79
Presidents Quartet II
eogle
Anything But Clue(do)
eogle
Anything But Oceanian Capitals
eogle
Anything But 7
eogle
Anything But Thing
eogle
Word Ladder: February 29
pecheneg
Song Title Questions
pecheneg
Women's NCAA Tournament #1 Seeds
pecheneg
Celebrity Mug Shots
pecheneg
Trending Topics
Marvel
Harry Potter
Disney
Crossword
Kpop
Anime
NBA
Puzzle
Pokémon
Country
Soccer
The Office
NFL
WWE
Song
Your Account Isn't Verified!
In order to create a playlist on Sporcle, you need to verify the email address you used during registration. Go to your
Sporcle Settings
to finish the process.
Report this User
Report this user for behavior that violates our
Community Guidelines
.
Details:
Send Report
Go to the Sporcle.com Mobile Site →
Comments